Word Ladder: TV in Cleveland Quiz Stats

 Plays Quiz Updated Feb 1, 2015

Challenge
Share
Tweet
Embed
Score 0/15 Timer 02:00
1 Play Today
Clue 4-Letter Word % Correct
Not speedySLOW
96.5%
Bring your hands togetherCLAP
95.5%
Move, like a riverFLOW
94.2%
A black birdCROW
94.1%
Sound of a horse hoofCLOP
92.4%
Got in an airplaneFLEW
91.8%
A theatrical disasterFLOP
91.7%
Killed a dragonSLEW
91.5%
Clue 4-Letter Word % Correct
A family groupCLAN
90.5%
Eats or grubCHOW
87.5%
'The [Rung 1] Carey [Rung 5]'SHOW
87.5%
'The [Rung 1] Carey [Rung 5]'DREW
82.9%
Columbus' MLS teamCREW
82.2%
Blue-green colorCYAN
71.1%
Stiles of the 'The [Rung 1] Carey [Rung 5]'RYAN
61.9%

Today's Daily Dose

You're not logged in!

Compare scores with friends on all Sporcle quizzes.
OR
Log In

You Might Also Like...

Show Comments

Extras

Top Quizzes Today


Score Distribution

Your Account Isn't Verified!

In order to create a playlist on Sporcle, you need to verify the email address you used during registration. Go to your Sporcle Settings to finish the process.

Report this User

Report this user for behavior that violates our Community Guidelines.

Details: